Nonprofit investment policies : practical steps for growing charitable funds. / (Record no. 9651)

MARC details
000 -LEADER
fixed length control field 01619cam a2200361 a 4500
001 - CONTROL NUMBER
control field 2599471
003 - CONTROL NUMBER IDENTIFIER
control field OSt
005 - DATE AND TIME OF LATEST TRANSACTION
control field 20230605100508.0
008 - FIXED-LENGTH DATA ELEMENTS--GENERAL INFORMATION
fixed length control field 970912s1998 nyua b 001 0 eng
010 ## - LIBRARY OF CONGRESS CONTROL NUMBER
LC control number 97038261
020 ## - INTERNATIONAL STANDARD BOOK NUMBER
International Standard Book Number 047117887X (cloth : alk. paper)
040 ## - CATALOGING SOURCE
Original cataloging agency DLC
Transcribing agency DLC
Modifying agency DLC
043 ## - GEOGRAPHIC AREA CODE
Geographic area code n-us---
050 00 - LIBRARY OF CONGRESS CALL NUMBER
Classification number HG4027.65.F79 1
082 00 - DEWEY DECIMAL CLASSIFICATION NUMBER
Classification number 658.15/224
Edition number 21
100 1# - MAIN ENTRY--PERSONAL NAME
Personal name Fry, Robert P.
9 (RLIN) 1560
245 10 - TITLE STATEMENT
Title Nonprofit investment policies : practical steps for growing charitable funds. /
Statement of responsibility, etc. Robert P. Fry, Jr.
260 ## - PUBLICATION, DISTRIBUTION, ETC.
Place of publication, distribution, etc. New York :
Name of publisher, distributor, etc. Wiley,
Date of publication, distribution, etc. 1998.
300 ## - PHYSICAL DESCRIPTION
Extent xiv, 302 p. :
Other physical details ill. ;
Dimensions 24 cm.
490 ## - SERIES STATEMENT
Series statement The NSFRE/Wiley fund development series
504 ## - BIBLIOGRAPHY, ETC. NOTE
Bibliography, etc. note Includes bibliographical references (p. 293-298) and index.
505 ## - FORMATTED CONTENTS NOTE
Formatted contents note Contents: The case fir investment policies -- The legal environment: law, tradition, and investment --
650 #0 - SUBJECT ADDED ENTRY--TOPICAL TERM
Topical term or geographic name entry element Nonprofit organizations
Geographic subdivision United States
General subdivision Finance
-- Management.
9 (RLIN) 1561
650 #0 - SUBJECT ADDED ENTRY--TOPICAL TERM
Topical term or geographic name entry element Investments
Geographic subdivision United States.
9 (RLIN) 1562
650 #0 - SUBJECT ADDED ENTRY--TOPICAL TERM
Topical term or geographic name entry element Asset-liability management
Geographic subdivision United States.
9 (RLIN) 1563
650 #0 - SUBJECT ADDED ENTRY--TOPICAL TERM
Topical term or geographic name entry element Nonprofit organizations
General subdivision Law and legislation
Geographic subdivision United States.
9 (RLIN) 1564
856 42 - ELECTRONIC LOCATION AND ACCESS
Materials specified Contributor biographical information
Uniform Resource Identifier <a href="http://www.loc.gov/catdir/bios/wiley041/97038261.html">http://www.loc.gov/catdir/bios/wiley041/97038261.html</a>
856 42 - ELECTRONIC LOCATION AND ACCESS
Materials specified Publisher description
Uniform Resource Identifier <a href="http://www.loc.gov/catdir/description/wiley032/97038261.html">http://www.loc.gov/catdir/description/wiley032/97038261.html</a>
856 4# - ELECTRONIC LOCATION AND ACCESS
Materials specified Table of Contents
Uniform Resource Identifier <a href="http://www.loc.gov/catdir/toc/onix03/97038261.html">http://www.loc.gov/catdir/toc/onix03/97038261.html</a>
906 ## - LOCAL DATA ELEMENT F, LDF (RLIN)
a 7
b cbc
c orignew
d 1
e ocip
f 19
g y-gencatlg
942 ## - ADDED ENTRY ELEMENTS (KOHA)
Source of classification or shelving scheme Library of Congress Classification
Koha item type Books
Holdings
Withdrawn status Lost status Source of classification or shelving scheme Damaged status Not for loan Home library Current library Shelving location Date acquired Total Checkouts Full call number Barcode Date last seen Price effective from Koha item type
    Library of Congress Classification     WISCONSIN INTERNATIONAL UNIVERSITY COLLEGE, GHANA KUMASI LIBRARY WISCONSIN INTERNATIONAL UNIVERSITY COLLEGE, GHANA KUMASI LIBRARY General Stacks 26/04/2023   HG4027.65.F79 K/3296/0394/23 05/06/2023 05/06/2023 Books

If you have any concerns or questions; kindly contact the library


© Powered by WIUC ICT DIRECTORATE